| 000 | 00420 a2200145 4500 | ||
|---|---|---|---|
| 999 |
_c1784 _d1784 |
||
| 020 | _a00000 | ||
| 050 | 0 | 0 | _aHF5635.MYE 1957 |
| 100 | 1 |
_aMyer, John Nicholas, _d1897- [from old catalog] |
|
| 245 | 1 | 0 |
_aAccounting for non-accountants; _cJohn N Myer |
| 264 |
_aNew York: _bAmerican research council., _c1957 |
||
| 300 | _ax.,235p. cm. | ||
| 500 | _alncludes index | ||
| 650 | 0 | _aAccounting. | |
| 942 |
_2lcc _cBK _h5636 _iMYE _kHF |
||